Microsoft word 6 para windows; paso a paso /
Guardado en:
| Formato: | Libro |
|---|---|
| Publicado: |
Madrid :
Mcgraw-hill,
1994
|
| Series: | Microsoft Press
|
| Materias: | |
| Etiquetas: |
Agregar Etiqueta
Sin Etiquetas, Sea el primero en etiquetar este registro!
|
| LEADER | 00757nam a22002175a 4500 | ||
|---|---|---|---|
| 001 | CEM.cems009222 | ||
| 005 | 20090904105443.0 | ||
| 008 | 130507s1994##################000#0#####d | ||
| 003 | CEMS | ||
| 020 | |a 8448119339 | ||
| 082 | 0 | 4 | |a 001.6425 |
| 245 | 0 | 0 | |a Microsoft word 6 para windows; paso a paso / |c Traducción de Lirola Terrez |
| 260 | |a Madrid : |b Mcgraw-hill, |c 1994 | ||
| 300 | |a 338 p. + 1 CD-ROM | ||
| 490 | 0 | |a Microsoft Press | |
| 505 | 0 | |a Funciones básicas -- Las tareas diarias a su alcance -- Combinación de textos y gráficos -- Creación de documentos especiales | |
| 653 | |a Computación | ||
| 653 | |a Procesadores de texto | ||
| 653 | |a Word 6-windows | ||
| 653 | |a Informática | ||
| 859 | |a CEMS |b BIB. CEMS - 11 de abril |h 001.6425 |i C258 |p 18804.96 |t Ej.1 | ||
